| 000 | 00332nam a22001337a 4500 | ||
|---|---|---|---|
| 003 | SGT | ||
| 082 |
_a616.129 _bC89S |
||
| 100 | _aSHAPIRO, L.M. | ||
| 245 | _aA COLOUR ATLAS OF HEART FAILURE ( 1TO 6 PART) | ||
| 260 |
_aENGLAND _bWOLFE MEDICAL PUB _c1989 |
||
| 300 | _a1 TO 192 ALL PARTS | ||
| 650 | _aCARDIOLOGY | ||
| 942 |
_2ddc _cBK |
||
| 999 |
_c21800 _d21800 |
||